[Event "AUT-chT 1999/2000"]
[Site "Melk"]
[Date "1999.10.22"]
[Round "1.6.6"]
[White "Tschohl, Christof"]
[Black "Kotz, Heinz Peter"]
[Result "1/2-1/2"]
[WhiteElo "2145"]
[BlackElo "2260"]
[PlyCount "62"]
[EventDate "1999.10.22"]

1. e4 e5 2. Nf3 Nc6 3. Bb5 a6 4. Ba4 Nf6 5. O-O Be7 6. Re1 b5 7. Bb3 d6 8. c3
O-O 9. h3 Bb7 10. d4 Na5 11. Bc2 Nc4 12. Nbd2 Nxd2 13. Bxd2 Nd7 14. d5 c6 15.
dxc6 Bxc6 16. Qe2 Qb6 17. Rad1 Qb7 18. Bg5 Nc5 19. Bxe7 Qxe7 20. Nh2 Rad8 21.
Nf1 Qb7 22. Qg4 g6 23. f3 Ne6 24. Ne3 Nf4 25. Bb3 d5 26. exd5 Nxd5 27. Qg5 Qb6
28. Bxd5 Bxd5 29. Kh2 f6 30. Nxd5 Rxd5 31. Qc1 Rfd8 1/2-1/2

[Event "AUT-chT 1999/2000"]
[Site "Melk"]
[Date "1999.10.23"]
[Round "2.1.1"]
[White "Hertneck, Gerald"]
[Black "Hickl, Joerg"]
[Result "1/2-1/2"]
[WhiteElo "2571"]
[BlackElo "2553"]
[PlyCount "20"]
[EventDate "1999.10.23"]

1. d4 Nf6 2. Nf3 c5 3. d5 g6 4. c4 Bg7 5. Nc3 O-O 6. e4 d6 7. Be2 Na6 8. O-O
Nc7 9. Bf4 a6 10. a4 Bg4 1/2-1/2

[Event "AUT-chT 1999/2000"]
[Site "Melk"]
[Date "1999.10.23"]
[Round "2.1.2"]
[White "Bezold, Michael"]
[Black "Tischbierek, Raj"]
[Result "1-0"]
[WhiteElo "2508"]
[BlackElo "2544"]
[PlyCount "82"]
[EventDate "1999.10.23"]

1. f4 g6 2. Nf3 Nf6 3. g3 Bg7 4. Bg2 O-O 5. O-O d6 6. d3 Nc6 7. c4 a6 8. Na3 e5
9. Nc2 e4 10. Ng5 exd3 11. exd3 d5 12. Ne3 Ne7 13. Nh3 c6 14. Nf2 Re8 15. Bd2
b5 16. b3 Qb6 17. Rc1 Nf5 18. c5 Qc7 19. Nxf5 Bxf5 20. Bc3 h5 21. Qd2 Nd7 22.
Bxg7 Kxg7 23. Qc3+ f6 24. Rfe1 Nf8 25. b4 Qd7 26. a4 bxa4 27. Ra1 Rxe1+ 28.
Qxe1 Re8 29. Qd2 Qe7 30. Kf1 Ne6 31. Rxa4 Nd4 32. Rxa6 Nc2 33. Bh3 Nxb4 34.
Qxb4 Qe2+ 35. Kg1 Bxh3 36. Nxh3 Re3 37. Ra7+ Kh6 38. Ra1 h4 39. f5 g5 40. Qb8
Re8 41. Qd6 Qb2 1-0

[Event "AUT-chT 1999/2000"]
[Site "Melk"]
[Date "1999.10.23"]
[Round "2.1.3"]
[White "Ankerst, Michael"]
[Black "Topakian, Raffi"]
[Result "0-1"]
[WhiteElo "2353"]
[BlackElo "2376"]
[PlyCount "76"]
[EventDate "1999.10.23"]

1. e4 e6 2. d4 d5 3. Nc3 Nf6 4. e5 Nfd7 5. f4 c5 6. Nf3 Nc6 7. Be3 cxd4 8. Nxd4
Bc5 9. Qd2 O-O 10. Be2 a6 11. O-O Nxd4 12. Bxd4 b5 13. Bxc5 Nxc5 14. Qd4 Qb6
15. a4 bxa4 16. Nxa4 Nxa4 17. Rxa4 Qc7 18. c3 a5 19. Rfa1 Bd7 20. R4a3 Rab8 21.
b4 axb4 22. Ra7 Qc8 23. cxb4 Bb5 24. Bxb5 Rxb5 25. R7a5 Qb7 26. Rxb5 Qxb5 27.
Kf2 h5 28. Ra5 Qb7 29. Rc5 Rb8 30. b5 Qa8 31. Qc3 Qa4 32. Rc8+ Rxc8 33. Qxc8+
Kh7 34. Qc7 Qxf4+ 35. Kg1 Qd4+ 36. Kf1 Qd3+ 37. Kf2 Qxb5 38. Qxf7 Qb2+ 0-1

[Event "AUT-chT 1999/2000"]
[Site "Melk"]
[Date "1999.10.23"]
[Round "2.1.4"]
[White "Gaertner, Guntram"]
[Black "Opl, Klaus"]
[Result "1/2-1/2"]
[WhiteElo "2398"]
[BlackElo "2330"]
[PlyCount "29"]
[EventDate "1999.10.23"]

1. d4 Nf6 2. c4 e6 3. Nc3 Bb4 4. Bg5 h6 5. Bh4 c5 6. d5 Bxc3+ 7. bxc3 d6 8. e3
e5 9. Qc2 Qe7 10. Nf3 Nbd7 11. Nd2 e4 12. Be2 g5 13. Bg3 Nf8 14. h4 Rg8 15. Rb1
1/2-1/2

[Event "AUT-chT 1999/2000"]
[Site "Melk"]
[Date "1999.10.23"]
[Round "2.1.5"]
[White "Eichler, Christoph"]
[Black "Feistenauer, Fred"]
[Result "1/2-1/2"]
[WhiteElo "2234"]
[BlackElo "2278"]
[PlyCount "28"]
[EventDate "1999.10.23"]

1. d4 Nc6 2. g3 e5 3. c3 Nf6 4. Bg2 d6 5. Bg5 h6 6. dxe5 Nxe5 7. Bxf6 Qxf6 8.
Nd2 Qe7 9. Ndf3 g6 10. Nxe5 dxe5 11. Qb3 c6 12. Nf3 Bg7 13. O-O Kf8 14. Rad1
Be6 1/2-1/2

[Event "AUT-chT 1999/2000"]
[Site "Melk"]
[Date "1999.10.23"]
[Round "2.1.6"]
[White "Amann, Guenter"]
[Black "Peterwagner, Heinz"]
[Result "0-1"]
[WhiteElo "2246"]
[BlackElo "2215"]
[PlyCount "94"]
[EventDate "1999.10.23"]

1. d4 Nf6 2. Nf3 g6 3. c4 Bg7 4. g3 O-O 5. Bg2 d6 6. Nc3 Nbd7 7. O-O c6 8. e4
e5 9. h3 Re8 10. Re1 exd4 11. Nxd4 Nc5 12. Bf4 Nh5 13. Be3 Nf6 14. Qc2 Qe7 15.
Rad1 a5 16. Bf4 Nh5 17. Nxc6 bxc6 18. Bxd6 Qa7 19. g4 Nf6 20. e5 Nfd7 21. Bxc6
Bb7 22. Nb5 Qb6 23. Bxb7 Qxb7 24. Bxc5 Nxc5 25. Nd6 Qc7 26. Nxe8 Rxe8 27. f4 g5
28. fxg5 Bxe5 29. Kh1 Ne6 30. b3 Re7 31. Qf5 Bc3 32. Re3 Bd4 33. Red3 Rd7 34.
h4 Qd8 35. a3 Qc7 36. Qe4 Qc5 37. a4 Rd8 38. Qf5 Qc6+ 39. Qf3 Qc7 40. Qe4 Nc5
41. Qf5 Nxd3 42. Rxd3 Qe7 43. Rg3 Qe1+ 44. Rg1 Qxh4+ 45. Kg2 Be5 46. Qxe5 Rd2+
47. Kf3 Qh3+ 0-1

[Event "AUT-chT 1999/2000"]
[Site "Melk"]
[Date "1999.10.23"]
[Round "2.2.1"]
[White "Almasi, Zoltan"]
[Black "Berndt, Stephan"]
[Result "1-0"]
[WhiteElo "2664"]
[BlackElo "2500"]
[PlyCount "101"]
[EventDate "1999.10.23"]

1. e4 c5 2. Nf3 d6 3. d4 cxd4 4. Nxd4 Nf6 5. Nc3 g6 6. Be3 Bg7 7. f3 O-O 8. Qd2
Nc6 9. Bc4 Bd7 10. h4 Ne5 11. Bb3 h5 12. O-O-O Rc8 13. Bg5 Rc5 14. Kb1 Re8 15.
Rhe1 Qc8 16. Nde2 b5 17. a3 Be6 18. Be3 Rc7 19. Nxb5 Rb7 20. Ned4 Nc4 21. Qd3
Nd7 22. Nxe6 Nxb2 23. Qd5 Nf6 24. Qg5 Nxd1 25. Rxd1 Nh7 26. Qg3 Rxb5 27. Nxg7
Kxg7 28. Bd4+ Nf6 29. Bb2 Qb7 30. Rd3 Rb8 31. Qf4 a5 32. a4 Rb6 33. g4 e5 34.
Qg5 hxg4 35. h5 Nxh5 36. fxg4 Nf4 37. Qxf4 Qe7 38. Rh3 Rh8 39. Rxh8 Kxh8 40.
Qf2 Rb7 41. Bc3 Kg7 42. Bxa5 Qd7 43. Bb6 Qxg4 44. Bd5 Rd7 45. a5 f5 46. a6 fxe4
47. Qe1 e3 48. a7 Rxa7 49. Bxa7 e2 50. Bf2 g5 51. Qd2 1-0

[Event "AUT-chT 1999/2000"]
[Site "Melk"]
[Date "1999.10.23"]
[Round "2.2.2"]
[White "Polzin, Rainer"]
[Black "Poldauf, Dirk"]
[Result "1-0"]
[WhiteElo "2472"]
[BlackElo "2460"]
[PlyCount "81"]
[EventDate "1999.10.23"]

1. e4 e6 2. d4 d5 3. Nc3 Bb4 4. e5 c5 5. a3 Bxc3+ 6. bxc3 Ne7 7. Qg4 Qc7 8.
Qxg7 Rg8 9. Qxh7 cxd4 10. Ne2 Nbc6 11. f4 Bd7 12. Qd3 dxc3 13. Qxc3 O-O-O 14.
Rb1 Nf5 15. Rg1 d4 16. Qd3 Be8 17. g4 Nh4 18. Rg3 f6 19. exf6 Bg6 20. f5 exf5
21. Bf4 Qd7 22. g5 Bh5 23. Qb5 Rge8 24. Kf2 Re4 25. Bd2 Re5 26. Qd3 Ng6 27. Nf4
Re3 28. Bxe3 dxe3+ 29. Qxe3 Re8 30. Qd3 Nxf4 31. Qxd7+ Kxd7 32. Rxb7+ Kd6 33.
Bb5 Re4 34. f7 Ne6 35. g6 Rf4+ 36. Ke1 Re4+ 37. Kd2 Ncd4 38. g7 Bxf7 39. Rxf7
Nxg7 40. Bd3 Nh5 41. Bxe4 1-0

[Event "AUT-chT 1999/2000"]
[Site "Melk"]
[Date "1999.10.23"]
[Round "2.2.3"]
[White "Wach, Markus"]
[Black "Schwarz, Michael"]
[Result "1-0"]
[WhiteElo "2397"]
[BlackElo "2374"]
[PlyCount "49"]
[EventDate "1999.10.23"]

1. e4 g6 2. d4 Bg7 3. Nf3 d6 4. Bc4 c6 5. Bb3 Nf6 6. Nbd2 O-O 7. O-O Bg4 8. Re1
e5 9. c3 exd4 10. cxd4 d5 11. e5 Ne8 12. h3 Bxf3 13. Nxf3 f6 14. h4 Na6 15. h5
fxe5 16. dxe5 Nc5 17. hxg6 h6 18. Bc2 Nc7 19. Qd4 N7e6 20. Qg4 a5 21. Be3 b6
22. Rad1 Ra7 23. Nh4 Ng5 24. Bxc5 bxc5 25. f4 1-0

[Event "AUT-chT 1999/2000"]
[Site "Melk"]
[Date "1999.10.23"]
[Round "2.2.4"]
[White "Danner, Georg"]
[Black "Baumegger, Siegfried"]
[Result "1/2-1/2"]
[WhiteElo "2407"]
[BlackElo "2421"]
[PlyCount "31"]
[EventDate "1999.10.23"]

1. d4 Nf6 2. c4 e6 3. Nc3 Bb4 4. Nf3 b6 5. e3 Ne4 6. Qc2 Bb7 7. Bd3 f5 8. O-O
Bxc3 9. bxc3 O-O 10. Nd2 Qh4 11. f3 Nxd2 12. Bxd2 Nc6 13. Rae1 Ne7 14. Qa4 Bc6
15. Qa3 Rf7 16. Rf2 1/2-1/2

[Event "AUT-chT 1999/2000"]
[Site "Melk"]
[Date "1999.10.23"]
[Round "2.2.6"]
[White "Frosch, Ronald"]
[Black "Ivancsics, Michael"]
[Result "0-1"]
[WhiteElo "2178"]
[BlackElo "2269"]
[PlyCount "102"]
[EventDate "1999.10.23"]

1. d4 c5 2. c3 Nf6 3. Nf3 cxd4 4. cxd4 g6 5. Nc3 Bg7 6. e3 O-O 7. Bd2 a6 8. Bd3
Nc6 9. Rc1 d6 10. O-O e5 11. d5 Nb4 12. Bc4 b5 13. Qb3 Nxa2 14. Qxa2 bxc4 15.
Qxc4 Bg4 16. Ne1 Qb6 17. Nd3 Rab8 18. Rb1 Rfc8 19. Qa4 Bd7 20. Qa2 Bf5 21. Na4
Qb3 22. Qxb3 Rxb3 23. Nc1 Bxb1 24. Nxb3 Bd3 25. Rc1 Rxc1+ 26. Nxc1 Be4 27. Bb4
Bf8 28. f3 Bxd5 29. Nb6 Be6 30. e4 d5 31. Bxf8 Kxf8 32. exd5 Nxd5 33. Nxd5 Bxd5
34. Kf2 Ke7 35. Ke3 Bc4 36. g3 Kd6 37. Kd2 Kc5 38. Kc3 a5 39. b3 Bf1 40. Na2 g5
41. b4+ axb4+ 42. Nxb4 Be2 43. f4 exf4 44. gxf4 gxf4 45. Nc2 Kd5 46. Kd2 Bc4
47. Ke1 Kc5 48. Kf2 Bd3 49. Ne1 Be4 50. Ke2 Kd4 51. Kf2 Ke5 0-1

[Event "AUT-chT 1999/2000"]
[Site "Melk"]
[Date "1999.10.23"]
[Round "2.3.1"]
[White "Hoelzl, Franz"]
[Black "Lautier, Joel"]
[Result "0-1"]
[WhiteElo "2428"]
[BlackElo "2648"]
[PlyCount "82"]
[EventDate "1999.10.23"]

1. d4 Nf6 2. Nf3 e6 3. g3 c5 4. Bg2 cxd4 5. Nxd4 a6 6. c4 Qc7 7. b3 Bb4+ 8. Bd2
Be7 9. Nc3 Nc6 10. e3 Rb8 11. Rc1 Ne5 12. Qe2 b6 13. f4 Ng6 14. e4 O-O 15. e5
Ne8 16. h4 Bc5 17. Nc2 f6 18. h5 Nh8 19. exf6 Nxf6 20. Ne4 Nxe4 21. Bxe4 Bb7
22. Bc3 Bxe4 23. Qxe4 Nf7 24. Nb4 d5 25. Qe2 d4 26. Bd2 Qb7 27. Rf1 e5 28. fxe5
Nxe5 29. Nd5 Rfe8 30. Kd1 b5 31. Rf5 d3 32. Qe4 Nxc4 33. Rxc4 Rxe4 34. Rxe4 Rf8
35. Rxf8+ Bxf8 36. Rd4 Qc8 37. Ne3 Qh3 38. Rxd3 Qxg3 39. h6 Qf3+ 40. Ke1 Be7
41. Bc3 gxh6 0-1

[Event "AUT-chT 1999/2000"]
[Site "Melk"]
[Date "1999.10.23"]
[Round "2.3.2"]
[White "Chernin, Alexandere"]
[Black "Horvath, Csaba"]
[Result "1/2-1/2"]
[WhiteElo "2606"]
[BlackElo "2512"]
[PlyCount "39"]
[EventDate "1999.10.23"]

1. c4 f5 2. g3 Nf6 3. Bg2 e6 4. b3 Be7 5. Bb2 O-O 6. e3 a5 7. a3 Na6 8. d4 c6
9. Nf3 d6 10. O-O Rb8 11. Nbd2 Bd7 12. Qc2 b5 13. Bc3 c5 14. e4 fxe4 15. Nxe4
d5 16. Nxf6+ Bxf6 17. Rfe1 b4 18. Bb2 bxa3 19. Rxa3 Qb6 20. Qd2 {Rest (und eige
ntlich auch die bisherigen Angaben auf den Partieformularen) weder les- noch
rekonstruierbar. remis (29)} 1/2-1/2

[Event "AUT-chT 1999/2000"]
[Site "Melk"]
[Date "1999.10.23"]
[Round "2.3.3"]
[White "Moser, Guenter"]
[Black "Stanec, Nikolaus"]
[Result "1/2-1/2"]
[WhiteElo "2315"]
[BlackElo "2495"]
[PlyCount "101"]
[EventDate "1999.10.23"]

1. f4 g6 2. Nf3 d5 3. g3 Bg7 4. Bg2 Nf6 5. O-O O-O 6. e3 Nbd7 7. Nc3 c6 8. d4
Ne8 9. e4 dxe4 10. Nxe4 Ndf6 11. Nf2 Nd6 12. Qe2 Ng4 13. Nxg4 Bxg4 14. c3 Qc7
15. h3 Be6 16. Re1 Rfe8 17. Be3 Bf5 18. Bf2 a5 19. Nd2 a4 20. Ne4 Nxe4 21. Bxe4
Bxe4 22. Qxe4 Ra5 23. Rad1 e6 24. Re2 Rd8 25. Rde1 Rad5 26. Qc2 Qa5 27. Kh2 h5
28. h4 R5d7 29. a3 Qb5 30. Qe4 Qc4 31. Qf3 Rd5 32. Be3 Qb3 33. Qg2 b6 34. Bg1
c5 35. dxc5 bxc5 36. Be3 Bf8 37. Bg1 Rd3 38. Be3 Qb5 39. Bc1 R8d5 40. Be3 Rd8
41. Bc1 R3d5 42. Be3 Qd7 43. Bg1 Rd3 44. Be3 Qd5 45. Bg1 Be7 46. Qxd5 R8xd5 47.
Kg2 Rd7 48. Re4 Rd2+ 49. R1e2 Rxe2+ 50. Rxe2 Kf8 51. Bf2 1/2-1/2

[Event "AUT-chT 1999/2000"]
[Site "Melk"]
[Date "1999.10.23"]
[Round "2.3.4"]
[White "Kindermann, Stefan"]
[Black "Steflitsch, Erich"]
[Result "1-0"]
[WhiteElo "2532"]
[BlackElo "2336"]
[PlyCount "69"]
[EventDate "1999.10.23"]

1. e4 e6 2. d4 d5 3. Nc3 Bb4 4. e5 c5 5. a3 Bxc3+ 6. bxc3 Ne7 7. Nf3 b6 8. Bb5+
Bd7 9. Bd3 c4 10. Be2 Ba4 11. Ng5 h6 12. Nh3 Kd7 13. Nf4 Na6 14. Nh5 Qg8 15.
O-O Qh7 16. Ra2 Nc7 17. f4 Raf8 18. Bg4 Kc6 19. Bh3 Rhg8 20. Rf2 f6 21. exf6
gxf6 22. f5 Nxf5 23. Bxf5 exf5 24. Qf3 Nb5 25. Bf4 Qg6 26. Rb2 a5 27. Bd2 Re8
28. Nf4 Qf7 29. Rf1 Re4 30. Rfb1 Rb8 31. Nh5 Qe6 32. Ng7 Qg8 33. Nxf5 Qg4 34.
Ne7+ Kd6 35. Qxf6+ 1-0

[Event "AUT-chT 1999/2000"]
[Site "Melk"]
[Date "1999.10.23"]
[Round "2.3.5"]
[White "Titz, Heimo"]
[Black "Luther, Thomas"]
[Result "0-1"]
[WhiteElo "2297"]
[BlackElo "2508"]
[PlyCount "56"]
[EventDate "1999.10.23"]

1. c4 e6 2. Nf3 d5 3. d4 Nf6 4. Nc3 c6 5. Qb3 dxc4 6. Qxc4 b5 7. Qd3 Nbd7 8. e4
b4 9. Na4 c5 10. Bg5 Qa5 11. b3 cxd4 12. Qxd4 Bb7 13. Bxf6 Nxf6 14. Nd2 Rd8 15.
Qc4 Bd6 16. Qb5+ Qxb5 17. Bxb5+ Ke7 18. f3 Bf4 19. Rd1 Rd4 20. g3 Bh6 21. Ke2
Rhd8 22. Nb1 Nxe4 23. Rxd4 Rxd4 24. Rf1 Nd6 25. Nc5 Nxb5 26. Nxb7 Nc3+ 27. Kf2
Rd5 28. a4 Kd7 0-1

[Event "AUT-chT 1999/2000"]
[Site "Melk"]
[Date "1999.10.23"]
[Round "2.3.6"]
[White "Teske, Henrik"]
[Black "Genser, Harald"]
[Result "1-0"]
[WhiteElo "2514"]
[BlackElo "2212"]
[PlyCount "79"]
[EventDate "1999.10.23"]

1. d4 Nf6 2. Bg5 e6 3. Nf3 d5 4. c4 Nbd7 5. Nc3 c6 6. e3 Qa5 7. Nd2 Bb4 8. Qc2
dxc4 9. Bxf6 Nxf6 10. Nxc4 Bxc3+ 11. bxc3 Qc7 12. e4 b5 13. e5 bxc4 14. exf6
gxf6 15. Bxc4 Rb8 16. O-O O-O 17. Rad1 Kh8 18. Rfe1 Rg8 19. Bd3 f5 20. c4 Bd7
21. Bf1 Qa5 22. Rb1 Qc7 23. Rb3 f6 24. Qc3 Qd6 25. c5 Qe7 26. Bc4 Rxb3 27. axb3
Rd8 28. g3 Bc8 29. Qf3 Rxd4 30. Qxc6 Bb7 31. Qxe6 Qxe6 32. Bxe6 f4 33. Bc4 Bf3
34. gxf4 Rxf4 35. Re8+ Kg7 36. Re7+ Kh6 37. Rxa7 Rd4 38. Ra1 Rg4+ 39. Kf1 Bg2+
40. Ke2 1-0

[Event "AUT-chT 1999/2000"]
[Site "Melk"]
[Date "1999.10.23"]
[Round "2.4.1"]
[White "Lukacs, Peter"]
[Black "Ribli, Zoltan"]
[Result "1/2-1/2"]
[WhiteElo "2480"]
[BlackElo "2579"]
[PlyCount "28"]
[EventDate "1999.10.23"]

1. d4 Nf6 2. c4 e6 3. Nf3 b6 4. e3 Bb7 5. Nc3 Bb4 6. Bd3 O-O 7. O-O c5 8. Na4
cxd4 9. a3 Be7 10. exd4 d6 11. Re1 Nbd7 12. Nc3 Rc8 13. b3 Re8 14. Bb2 Bf8
1/2-1/2

[Event "AUT-chT 1999/2000"]
[Site "Melk"]
[Date "1999.10.23"]
[Round "2.4.3"]
[White "Volkmann, Friedrich Karl"]
[Black "Herzog, Adolf"]
[Result "1-0"]
[WhiteElo "2427"]
[BlackElo "2399"]
[PlyCount "49"]
[EventDate "1999.10.23"]

1. Nf3 Nf6 2. g3 e6 3. Bg2 d5 4. O-O Be7 5. c4 c6 6. b3 O-O 7. Bb2 b6 8. d4 Bb7
9. Nc3 Nbd7 10. Qd3 Rc8 11. Rfd1 Qc7 12. e4 c5 13. exd5 exd5 14. cxd5 Nxd5 15.
Nxd5 Bxd5 16. dxc5 Bxf3 17. Qxf3 Nxc5 18. Rac1 Qb8 19. Qg4 Ne6 20. Bd5 Rxc1 21.
Rxc1 Ng5 22. h4 Qd6 23. Rd1 h5 24. Qxh5 Ne6 25. Be4 1-0

[Event "AUT-chT 1999/2000"]
[Site "Melk"]
[Date "1999.10.23"]
[Round "2.4.4"]
[White "Staudner, Oliver"]
[Black "Schroll, Gerhard"]
[Result "0-1"]
[WhiteElo "2368"]
[BlackElo "2435"]
[PlyCount "76"]
[EventDate "1999.10.23"]

1. e4 d5 2. exd5 Qxd5 3. Nc3 Qa5 4. d4 Nf6 5. Nf3 c6 6. Bc4 Bf5 7. O-O e6 8.
Bd2 Qb6 9. Bb3 Bg4 10. Be3 Qa5 11. h3 Bxf3 12. Qxf3 Nbd7 13. Rfe1 Ba3 14. Bd2
Bxb2 15. Ne4 Qa3 16. Ng5 Bxa1 17. Nxf7 O-O 18. Ng5 Bb2 19. Nxe6 Kh8 20. Qg3 Rg8
21. Ng5 Raf8 22. Qh4 c5 23. Be6 Bc3 24. Bc1 Qa4 25. Bf5 Qxd4 26. g4 Bxe1 27.
Be3 Bxf2+ 28. Bxf2 Qd1+ 29. Kg2 g6 30. Bd3 Ne5 31. Qg3 Nxd3 32. cxd3 Qe2 33.
Kg1 Nd5 34. Ne4 Nf4 35. Bxc5 Qd1+ 36. Kh2 Qxd3 37. Qxd3 Nxd3 38. Bd4+ Rg7 0-1

[Event "AUT-chT 1999/2000"]
[Site "Melk"]
[Date "1999.10.23"]
[Round "2.4.5"]
[White "Neulinger, Manfred"]
[Black "Roth, Peter"]
[Result "1/2-1/2"]
[WhiteElo "2328"]
[BlackElo "2312"]
[PlyCount "33"]
[EventDate "1999.10.23"]

1. e4 c6 2. d4 d5 3. exd5 Qxd5 4. Nc3 Qa5 5. Nf3 Nf6 6. Bc4 Bg4 7. h3 Bh5 8. g4
Bg6 9. Ne5 e6 10. Bb3 Nbd7 11. Nc4 Qc7 12. Qf3 Nd5 13. O-O Be7 14. Nxd5 cxd5
15. Bf4 Qc6 16. Nd2 O-O 17. c4 1/2-1/2

[Event "AUT-chT 1999/2000"]
[Site "Melk"]
[Date "1999.10.23"]
[Round "2.4.6"]
[White "Plank, Franz"]
[Black "Wiedner, Robert"]
[Result "1/2-1/2"]
[WhiteElo "2264"]
[BlackElo "2180"]
[PlyCount "78"]
[EventDate "1999.10.23"]

1. d4 c5 2. e3 Nf6 3. Nf3 d5 4. dxc5 Qa5+ 5. Nbd2 Qxc5 6. c4 dxc4 7. Bxc4 Nc6
8. a3 Bf5 9. b4 Qb6 10. Bb2 e6 11. O-O Be7 12. Nd4 Bg6 13. Qa4 O-O 14. Nxc6
bxc6 15. Bd4 c5 16. bxc5 Bxc5 17. Nb3 Bxd4 18. Nxd4 Rac8 19. Rac1 Rc5 20. Nb3
Rg5 21. Be2 Be4 22. g3 Rb8 23. Nd4 h6 24. Qc4 Ra5 25. a4 Bd5 26. Qc2 Be4 27.
Qc4 Rd5 28. Rc3 Rbd8 29. Rb3 Qd6 30. Rb5 e5 31. Nf3 Qe6 32. Ne1 Qh3 33. Bf3
Bxf3 34. Nxf3 Rxb5 35. axb5 e4 36. Ne5 Rd5 37. f4 Rd2 38. Rf2 Rd1+ 39. Rf1
Rxf1+ 1/2-1/2

[Event "AUT-chT 1999/2000"]
[Site "Melk"]
[Date "1999.10.23"]
[Round "2.5.1"]
[White "Wells, Peter"]
[Black "Sermek, Drazen"]
[Result "1-0"]
[WhiteElo "2480"]
[BlackElo "2550"]
[PlyCount "83"]
[EventDate "1999.10.23"]

1. d4 d5 2. c4 dxc4 3. e4 e5 4. Nf3 exd4 5. Bxc4 Nc6 6. O-O Be6 7. Bb5 Bc5 8.
Nbd2 Nge7 9. Ng5 Qd6 10. Nxe6 Qxe6 11. Nb3 Qd6 12. Bf4 Qxf4 13. Nxc5 O-O 14.
Rc1 Ne5 15. g3 Qh6 16. f4 a6 17. Be2 b6 18. Nb3 N5c6 19. a3 Rfd8 20. Qd3 a5 21.
Bf3 a4 22. Nd2 Ra5 23. e5 Nd5 24. Rfe1 Qe6 25. Be4 Nce7 26. Bxh7+ Kf8 27. Be4
Raa8 28. Nf3 Qg4 29. Kh1 c5 30. Ng5 Ra7 31. e6 f6 32. Nf7 Re8 33. Bf3 Qh3 34.
Rc2 Ne3 35. Rce2 Qxe6 36. Nh8 Kg8 37. Ng6 Nxg6 38. Rxe3 Qxe3 39. Rxe3 Rxe3 40.
Qxg6 Rd7 41. Bc6 Rd8 42. Bb5 1-0

[Event "AUT-chT 1999/2000"]
[Site "Melk"]
[Date "1999.10.23"]
[Round "2.5.2"]
[White "Maiwald, Jens-Uwe"]
[Black "Rabiega, Robert"]
[Result "1/2-1/2"]
[WhiteElo "2507"]
[BlackElo "2471"]
[PlyCount "29"]
[EventDate "1999.10.23"]

1. e4 e5 2. Nf3 Nf6 3. d3 Nc6 4. c3 d5 5. Nbd2 a5 6. Be2 g6 7. O-O Bg7 8. Re1
O-O 9. b3 b6 10. Bb2 Re8 11. a3 Bb7 12. Qc2 Nb8 13. Bf1 Nbd7 14. Rad1 c5 15. a4
1/2-1/2

[Event "AUT-chT 1999/2000"]
[Site "Melk"]
[Date "1999.10.23"]
[Round "2.5.3"]
[White "Lipinsky, Fabian"]
[Black "Gross, David"]
[Result "1/2-1/2"]
[WhiteElo "2339"]
[BlackElo "2427"]
[PlyCount "43"]
[EventDate "1999.10.23"]

1. d4 Nf6 2. c4 g6 3. Nc3 d5 4. Nf3 Bg7 5. Bf4 O-O 6. Rc1 dxc4 7. e4 Bg4 8.
Bxc4 Bxf3 9. Qxf3 Nc6 10. d5 Nd4 11. Qd1 c5 12. O-O a6 13. Re1 b5 14. Bf1 e6
15. Bg5 h6 16. Be3 e5 17. a4 Rb8 18. axb5 axb5 19. Bxd4 exd4 20. Nxb5 Nxe4 21.
Rxe4 Qxd5 22. Nc3 1/2-1/2

[Event "AUT-chT 1999/2000"]
[Site "Melk"]
[Date "1999.10.23"]
[Round "2.5.4"]
[White "Proehl, Holger"]
[Black "Herndl, Harald"]
[Result "1-0"]
[WhiteElo "2389"]
[BlackElo "2342"]
[PlyCount "75"]
[EventDate "1999.10.23"]

1. e4 e5 2. Nc3 Nf6 3. Nf3 Nc6 4. g3 d5 5. exd5 Nxd5 6. Bg2 Nxc3 7. bxc3 Bc5 8.
O-O O-O 9. d3 h6 10. Re1 Qf6 11. Be3 Bb6 12. Nd2 Qg6 13. Nc4 Bg4 14. Qd2 f6 15.
a4 Be6 16. a5 Bxe3 17. Nxe3 a6 18. c4 f5 19. Nd5 Qf7 20. f4 Kh8 21. fxe5 g5 22.
d4 Rad8 23. c3 Nb8 24. Qe2 f4 25. Rf1 c6 26. Nb6 h5 27. Rf2 Bg4 28. Qd2 Nd7 29.
Nxd7 Rxd7 30. Raf1 Qxc4 31. gxf4 gxf4 32. Rxf4 Rg8 33. Kh1 Rdg7 34. Rf8 Rg6 35.
Be4 Rxf8 36. Rxf8+ Kg7 37. Qf2 Rh6 38. Rb8 1-0

[Event "AUT-chT 1999/2000"]
[Site "Melk"]
[Date "1999.10.23"]
[Round "2.5.6"]
[White "Schiestl, Josef"]
[Black "Loebler, Heimo"]
[Result "0-1"]
[WhiteElo "2204"]
[BlackElo "2270"]
[PlyCount "108"]
[EventDate "1999.10.23"]

1. e4 c5 2. Nf3 e6 3. d4 cxd4 4. Nxd4 Qb6 5. Nb3 a6 6. Bd3 Qc7 7. O-O Nf6 8.
Qe2 d6 9. Nc3 Be7 10. Be3 b5 11. a3 O-O 12. f4 Bb7 13. Rae1 Nc6 14. h3 b4 15.
axb4 Nxb4 16. Qf2 Nd7 17. Ra1 a5 18. Rfc1 Rfc8 19. Na2 Nxa2 20. Rxa2 a4 21. Nd4
Qd8 22. Nb5 Nf6 23. Nc3 a3 24. Qf3 Qd7 25. Nd1 d5 26. Nf2 dxe4 27. Nxe4 Nd5 28.
bxa3 Nxe3 29. Qxe3 f5 30. Nf2 Qd5 31. Qf3 Qxa2 32. Qxb7 Qxa3 33. Re1 Bc5 34.
Re2 Qc1+ 35. Kh2 Qxf4+ 36. g3 Qc7 37. Qb3 f4 38. Qxe6+ Kh8 39. Ne4 fxg3+ 40.
Nxg3 Bd6 41. Re3 Rf8 42. Kg2 Bxg3 43. Rxg3 Qc5 44. Qe3 Qxe3 45. Rxe3 Rae8 46.
Rg3 g6 47. Rg4 Rf6 48. Be4 h5 49. Rh4 Re5 50. c4 Rg5+ 51. Kh2 Rf2+ 52. Kh1 Ra5
53. Kg1 Rd2 54. Rf4 Rd4 0-1

[Event "AUT-chT 1999/2000"]
[Site "Melk"]
[Date "1999.10.23"]
[Round "2.6.2"]
[White "Loeffler, Stefan"]
[Black "Lehner, Oliver"]
[Result "1-0"]
[WhiteElo "2412"]
[BlackElo "2401"]
[PlyCount "93"]
[EventDate "1999.10.23"]

1. d4 Nf6 2. c4 e6 3. Nf3 Bb4+ 4. Bd2 Qe7 5. g3 Nc6 6. Nc3 d6 7. d5 Bxc3 8.
Bxc3 Nb8 9. dxe6 fxe6 10. Bg2 O-O 11. O-O Nc6 12. Nd4 Bd7 13. Rc1 e5 14. Nxc6
Bxc6 15. Bxc6 bxc6 16. Qd3 Qe6 17. e4 Nh5 18. c5 Rad8 19. Ba5 Rf7 20. cxd6 Rxd6
21. Qb3 Qh3 22. Rc3 Rh6 23. Rd1 g5 24. Bxc7 Nf6 25. Rd8+ Kg7 26. Bxe5 Qxh2+ 27.
Kf1 Qh1+ 28. Ke2 Qxe4+ 29. Re3 Qg4+ 30. Kd2 Qf5 31. f3 Rh2+ 32. Kc3 g4 33. fxg4
Qf2 34. Kc4 h6 35. Qd3 Rh1 36. Rd6 Rc1+ 37. Kb3 Rb7+ 38. Ka3 Rc5 39. Bxf6+ Qxf6
40. b4 Ra5+ 41. Kb3 Qf7+ 42. Ree6 Re5 43. Qg6+ Qxg6 44. Rxg6+ Kf7 45. Rxh6 Re3+
46. Ka4 Rb6 47. Rxc6 1-0

[Event "AUT-chT 1999/2000"]
[Site "Melk"]
[Date "1999.10.23"]
[Round "2.6.3"]
[White "Ganaus, Hannes"]
[Black "Popovic, Petar"]
[Result "1/2-1/2"]
[WhiteElo "2344"]
[BlackElo "2473"]
[PlyCount "28"]
[EventDate "1999.10.23"]

1. d4 Nf6 2. c4 g6 3. Nc3 Bg7 4. e4 d6 5. Be2 O-O 6. Nf3 e5 7. O-O c6 8. b3
exd4 9. Nxd4 Re8 10. Bf3 Nbd7 11. Re1 Qa5 12. Bb2 a6 13. Nc2 Qc7 14. Qd2 Ne5
1/2-1/2

[Event "AUT-chT 1999/2000"]
[Site "Melk"]
[Date "1999.10.23"]
[Round "2.6.4"]
[White "Lau, Ralf"]
[Black "Neubauer, Martin"]
[Result "0-1"]
[WhiteElo "2502"]
[BlackElo "2348"]
[PlyCount "90"]
[EventDate "1999.10.23"]

1. e4 e6 2. d4 d5 3. Nd2 dxe4 4. Nxe4 Nd7 5. Nf3 Ngf6 6. Nxf6+ Nxf6 7. Be3 Nd5
8. Bd3 Bd6 9. Qd2 b6 10. O-O Bb7 11. c4 Nxe3 12. fxe3 c5 13. Rad1 Qc7 14. d5
exd5 15. cxd5 O-O-O 16. e4 Rde8 17. e5 Rxe5 18. Nxe5 Bxe5 19. Bf5+ Kb8 20. d6
Qc6 21. d7 Bd4+ 22. Kh1 g6 23. Bg4 f5 24. Bf3 Qxd7 25. Bxb7 Kxb7 26. b4 Re8 27.
bxc5 bxc5 28. Rfe1 Re4 29. Rb1+ Kc6 30. a4 Qe6 31. Qa5 Kd5 32. Qd8+ Ke5 33.
Rxe4+ fxe4 34. Qb8+ Qd6 35. Qxa7 e3 36. Qf7 Qf6 37. Qxf6+ Kxf6 38. a5 c4 39.
Rc1 c3 40. g3 Kf5 41. Kg2 Ke4 42. Kf1 Kd3 43. Rd1+ Kc4 44. Rc1 Kb3 45. Ke2 Kb2
0-1